Formule 2 - Pilotes 2025 - Statistiques

Statistiques générales
  • Ce quiz a été pris 53 fois
  • Le résultat moyen est 14 sur 22
Statistiques - réponses
Hint Réponse % Correct
Campos Racing Josep Martí
95%
ART GP Victor Martins
90%
Campos Racing Arvid Lindblad
85%
Prema Gabriele Mini
80%
Invicta Racing Roman Stanek
80%
Invicta Racing Leonardo Fornaroli
75%
MP Motorsport Richard Verschoor
75%
Trident Sami Meguetounif
70%
Prema Sebastian Montoya
70%
Hitech GP Dino Beganovic
65%
DAMS Jak Crawford
65%
Rodin Motorsport Alex Dunne
55%
AIX Racing Joshua Dürksen
55%
DAMS Kush Maini
55%
Trident Max Esterson
55%
MP Motorsport Olivier Goethe
50%
Rodin Motorsport Amaury Cordeel
45%
Hitech GP Luke Browning
45%
Van Amersfoort Racing Rafael Villagómez
45%
ART GP Ritomo Miyata
45%
AIX Racing Cian Shields
30%
Van Amersfoort Racing John Bennett
25%
Aucun quiz correspondant
Distribution des résultats
% des personnes avec chaque résultat
Percentile par nombre de réponses
Votre historique - résultats
Vous n’avez pas pris ce quiz